El Alcoholismo en el distrito central de Puntarenas
Gorde:
| Erakunde egilea: | |
|---|---|
| Formatua: | Texto |
| Argitaratua: |
San José:
El Instituto
|
| Etiketak: |
Etiketa erantsi
Etiketarik gabe, Izan zaitez lehena erregistro honi etiketa jartzen!
|
MARC
| LEADER | 00000 a a2200000 04500 | ||
|---|---|---|---|
| 001 | 15097 | ||
| 003 | |||
| 040 | |||
| 090 | |a 028400 | ||
| 110 | |a Instituto Nacional sobre Alcoholismo. Departamento de Investigación (Costa Rica) | ||
| 245 | |a El Alcoholismo en el distrito central de Puntarenas | ||
| 260 | |a San José: |b El Instituto | ||
| 300 | |a 72 p. | ||
| 999 | |c 15297 |d 15297 | ||
